Lưu Trọng Lư toàn tập, tập 3. Tiểu thuyết tập 3

সংরক্ষণ করুন:
গ্রন্থ-পঞ্জীর বিবরন
প্রধান লেখক: Nguyễn Anh Vũ
বিন্যাস: গ্রন্থ
ভাষা:Vietnamese
প্রকাশিত: Văn học 2012
বিষয়গুলি:
ট্যাগগুলো: ট্যাগ যুক্ত করুন
কোনো ট্যাগ নেই, প্রথমজন হিসাবে ট্যাগ করুন!
Thư viện lưu trữ: Mạng thư viện Đại học Đà Nẵng
LEADER 01160cam a22003251a 4500
001 000033108
003 9241
005 20151023000000.0
008 151016s2012 000 vie
041 |a vie 
082 |a 895.98083  |b NG-V  |2 tập 3 
100 |a Nguyễn Anh Vũ 
245 |a Lưu Trọng Lư toàn tập, tập 3. Tiểu thuyết  |c Nguyễn Anh Vũ  |n tập 3 
260 |a Văn học  |c 2012 
300 |a 598tr. : mh ; 20 cm 
650 |a Lưu Trọng Lư toàn tập, tập 3. Tiểu thuyết, 2012 
852 |b Chuyên đề  |c Ngôn ngữ tiếng Việt 1 
OWN |a LNN 
AVA |a UDN50  |b LNN  |d 895.98083 NG-V  |e available  |t Error 5001 Not defined in file expand_doc_bib_avail.  |f 3  |g 0  |h N  |i 0  |k 1 
999 |a From the UDN01 
AVA |a UDN50  |b LNN  |d 895.98083 NG-V  |e available  |t Error 5001 Not defined in file expand_doc_bib_avail.  |f 3  |g 0  |h N  |i 0  |k 1 
TYP |a Monograph 
TYP |a Printed language 
980 |a Mạng thư viện Đại học Đà Nẵng